[Event "BL2 Gr02 0506 (Women)"]
[Site "Germany"]
[Date "2005.11.20"]
[Round "4.2"]
[White "Niesch, Franziska"]
[Black "Suess, Annegret"]
[Result "0-1"]
[WhiteElo "1835"]
[BlackElo "2034"]
[PlyCount "106"]
[EventDate "2005.10.29"]
[EventType "team-tourn"]
[EventRounds "7"]
[EventCountry "GER"]
[SourceTitle "EXT 2007"]
[Source "ChessBase"]
[SourceDate "2006.11.23"]
[SourceVersion "1"]
[SourceVersionDate "2006.11.23"]
[SourceQuality "1"]
[WhiteTeam "Leipzig Lindenau"]
[BlackTeam "Leipzig Gohlis"]
[WhiteTeamCountry "GER"]
[BlackTeamCountry "GER"]

1. d4 e6 2. e4 d5 3. exd5 exd5 4. Bd3 Bd6 5. Qe2+ Qe7 6. Bg5 f6 7. Bh4 Nc6 8. c3 Nh6 9. Bg3 Bxg3 10. hxg3 Bf5 11. Bxf5 Nxf5 12. Na3 0-0-0 13. Qxe7 Ncxe7 14. Kd2 Nd6 15. f3 h6 16. Ne2 Ng6 17. Nc2 Nc4+ 18. Kc1 Rhe8 19. Re1 Re7 20. b3 Rde8 21. Kd1 Nd6 22. Nb4 c6 23. Nd3 Nf5 24. Kd2 Ne3 25. Nef4 Nxf4 26. Nxf4 Nf5 27. Rxe7 Rxe7 28. Ng6 Re8 29. g4 Nd6 30. Nh4 g5 31. Nf5 Nxf5 32. gxf5 h5 33. Re1 Rxe1 34. Kxe1 Kd7 35. Kf2 b6 36. Ke3 Kd6 37. c4 c5 38. Kd3 a6 39. a4 h4 40. dxc5+ bxc5 41. cxd5 Kxd5 42. Kc3 Ke5 43. Kc4 Kf4 44. Kxc5 Kg3 45. b4 Kxg2 46. b5 axb5 47. axb5 h3 48. b6 h2 49. b7 h1Q 50. b8Q Qc1+ 51. Kd5 Kxf3 52. Ke6 Qc3 53. Qd8 Qe5+ 0-1

[Event "BL 0405 (Women)"]
[Site "Germany"]
[Date "2005.04.24"]
[Round "11.3"]
[White "Eckhardt, Claudia"]
[Black "Suess, Annegret"]
[Result "1-0"]
[WhiteElo "2209"]
[BlackElo "2101"]
[PlyCount "55"]
[EventDate "2004.11.06"]
[EventType "team-tourn"]
[EventRounds "11"]
[EventCountry "GER"]
[SourceTitle "EXT 2006"]
[Source "ChessBase"]
[SourceDate "2005.11.24"]
[SourceVersion "1"]
[SourceVersionDate "2005.11.24"]
[SourceQuality "1"]
[WhiteTeam "Halle (W)"]
[BlackTeam "Leipzig Gohlis (W)"]
[WhiteTeamCountry "GER"]
[BlackTeamCountry "GER"]

1. d4 e6 2. Nf3 Nf6 3. g3 b6 4. Bg2 Bb7 5. 0-0 Be7 6. c4 c5 7. d5 exd5 8. Nh4 g6 9. cxd5 d6 10. Nc3 a6 11. e4 Nfd7 12. Nf3 b5 13. Re1 b4 14. e5 Nxe5 15. Nxe5 bxc3 16. Nc6 Bxc6 17. dxc6 Ra7 18. Bh6 Qc7 19. Qa4 Kd8 20. bxc3 Bf6 21. Re3 a5 22. Rb1 Rg8 23. Qf4 Be5 24. Rxe5 dxe5 25. Qf6+ Ke8 26. Re1 Qd8 27. Rxe5+ Re7 28. Bg5 1-0

[Event "BL 0304 (Women)"]
[Site "Germany"]
[Date "2003.10.26"]
[Round "2.5"]
[White "Suess, Annegret"]
[Black "Wohlers Armas, Friederike"]
[Result "0-1"]
[WhiteElo "2126"]
[BlackElo "2157"]
[PlyCount "122"]
[EventDate "2003.11.29"]
[EventType "team-tourn"]
[EventRounds "11"]
[EventCountry "GER"]
[SourceTitle "EXT 2005"]
[Source "ChessBase"]
[SourceDate "2004.11.15"]
[SourceVersion "1"]
[SourceVersionDate "2004.11.15"]
[SourceQuality "1"]
[WhiteTeam "Rodewisch"]
[BlackTeam "Kiel"]
[WhiteTeamCountry "GER"]
[BlackTeamCountry "GER"]

1. d4 Nf6 2. c4 c5 3. d5 e6 4. Nc3 exd5 5. cxd5 d6 6. e4 g6 7. Be2 Bg7 8. Nf3 0-0 9. 0-0 Bg4 10. Nd2 Bxe2 11. Qxe2 Re8 12. Qd3 a6 13. a4 Nbd7 14. Nc4 Nb6 15. Bg5 Nxc4 16. Qxc4 Qd7 17. h3 Rab8 18. a5 b5 19. axb6 Rxb6 20. f3 Ra8 21. Ra2 Qb7 22. Rfa1 Nd7 23. Na4 Bd4+ 24. Kh1 Rb4 25. Qe2 Qb5 26. Qc2 Ne5 27. Bd2 Qe2 28. Qd1 Qxd1+ 29. Rxd1 Rb3 30. Bf4 Rab8 31. Kh2 Kg7 32. Rd2 h6 33. Rc2 g5 34. Bg3 Rd3 35. Nc3 Rb6 36. Ne2 Be3 37. Ra1 Rd2 38. Rxd2 Bxd2 39. Ra2 a5 40. Nc3 Nc4 41. Na4 Rb3 42. Ra1 Bf4 43. h4 Kf6 44. Bxf4 gxf4 45. Rc1 Nxb2 46. Rb1 Rb4 47. Nxb2 a4 48. Ra1 Rxb2 49. Rxa4 Rb7 50. g3 Ke5 51. Kh3 Rb3 52. Kg2 Rb2+ 53. Kh3 Rf2 54. Ra3 c4 55. g4 f6 56. g5 fxg5 57. hxg5 hxg5 58. Kg4 Rg2+ 59. Kh5 Rg3 60. Ra7 Kf6 61. Rd7 Rh3+ 0-1

[Event "GER-chT Federal Cup (Women)"]
[Site "Naumburg"]
[Date "2003.04.05"]
[Round "4"]
[White "Suess, Annegret"]
[Black "Rubina, Tatiana"]
[Result "1/2-1/2"]
[WhiteElo "2131"]
[BlackElo "1990"]
[PlyCount "148"]
[EventDate "2003.04.??"]
[EventType "team-swiss"]
[EventRounds "5"]
[EventCountry "GER"]
[SourceTitle "EXT 2004"]
[Source "ChessBase"]
[SourceDate "2003.11.25"]
[SourceVersion "1"]
[SourceVersionDate "2003.11.25"]
[SourceQuality "1"]

1. d4 e6 2. c4 d5 3. Nc3 Nf6 4. Bg5 Be7 5. Nf3 h6 6. Bh4 0-0 7. e3 b6 8. cxd5 Nxd5 9. Bxe7 Qxe7 10. Rc1 Bb7 11. Bd3 c5 12. Nxd5 exd5 13. 0-0 Nd7 14. Qe2 Rac8 15. Ba6 Bxa6 16. Qxa6 Qe6 17. Rfd1 Rc7 18. h3 Rfc8 19. dxc5 bxc5 20. Qd3 Nf6 21. Rc2 g6 22. Rdc1 Qb6 23. Nd2 Kg7 24. Nb1 d4 25. Na3 Nd5 26. exd4 cxd4 27. Rxc7 Rxc7 28. Rxc7 Nxc7 29. Nc4 Qf6 30. Nd2 Ne6 31. Nf3 Nf4 32. Qd2 d3 33. g3 Nxh3+ 34. Kg2 Ng5 35. Nxg5 hxg5 36. Qxd3 Qxb2 37. Qd5 Qf6 38. a4 a6 39. Qc4 Qd6 40. Qe4 f5 41. Qb7+ Kf6 42. Qb2+ Ke6 43. Qe2+ Kd7 44. Kg1 g4 45. Qc4 Qe6 46. Qd4+ Kc6 47. Qc3+ Kb6 48. Qb4+ Kc7 49. Qc5+ Qc6 50. Qa7+ Kd6 51. Qd4+ Ke6 52. Qe3+ Kd5 53. Qd3+ Ke5 54. Qe3+ Kf6 55. Qd4+ Kf7 56. Qa7+ Kf6 57. Qd4+ Ke6 58. Qe3+ Kd5 59. Qd3+ Kc5 60. Qc3+ Kd6 61. Qd4+ Kc7 62. Qa7+ Kc8 63. Qd4 Kb7 64. Qb2+ Kc7 65. Qd4 Qc1+ 66. Kg2 Qc6+ 67. Kg1 Qd6 68. Qa7+ Kc8 69. Qa8+ Kd7 70. Qb7+ Ke6 71. Qb3+ Kf6 72. Qc3+ Ke6 73. Qb3+ Ke5 74. Qc3+ Ke6 1/2-1/2

[Event "BL 0203 (Women)"]
[Site "Germany"]
[Date "2003.02.01"]
[Round "6.2"]
[White "Jackova, Jana"]
[Black "Suess, Annegret"]
[Result "1-0"]
[WhiteElo "2361"]
[BlackElo "2131"]
[PlyCount "75"]
[EventDate "2002.10.12"]
[EventType "team-tourn"]
[EventRounds "11"]
[EventCountry "GER"]
[SourceTitle "EXT 2004"]
[Source "ChessBase"]
[SourceDate "2003.11.25"]
[SourceVersion "1"]
[SourceVersionDate "2003.11.25"]
[SourceQuality "1"]
[WhiteTeam "Dresden SC (W)"]
[BlackTeam "Leipzig Gohlis (W)"]
[WhiteTeamCountry "GER"]
[BlackTeamCountry "GER"]

1. e4 e6 2. d4 d5 3. Nc3 dxe4 4. Nxe4 Nd7 5. Nf3 Ngf6 6. Ng3 Be7 7. Bd3 0-0 8. 0-0 c5 9. c3 b6 10. a4 Bb7 11. Be3 Qc7 12. Qe2 Rac8 13. Rfe1 Rfd8 14. Ba6 Nd5 15. a5 Bxa6 16. Qxa6 cxd4 17. Bxd4 Nc5 18. axb6 axb6 19. Qb5 Ra8 20. Ne5 Bf6 21. Rxa8 Rxa8 22. Nh5 Qa7 23. Nxf6+ Nxf6 24. b4 Ncd7 25. Nxd7 Nxd7 26. f4 Qa4 27. Qxa4 Rxa4 28. f5 e5 29. Bxe5 Nxe5 30. Rxe5 Kf8 31. Kf2 Ra3 32. Re3 Rb3 33. h3 Rb2+ 34. Kf3 Rb3 35. g3 f6 36. Ke4 Ke7 37. Kd5+ Kd7 38. Kc4 1-0

[Event "Oberliga Ost-B 0001"]
[Site "Germany"]
[Date "2001.04.29"]
[Round "11.5"]
[White "Nothnagel, Holger"]
[Black "Suess, Annegret"]
[Result "1-0"]
[WhiteElo "2292"]
[BlackElo "2121"]
[PlyCount "37"]
[EventDate "2000.10.15"]
[EventType "team"]
[EventRounds "11"]
[EventCountry "GER"]
[SourceTitle "EXT 2002"]
[Source "ChessBase"]
[SourceDate "2001.11.25"]
[SourceVersion "1"]
[SourceVersionDate "2001.11.25"]
[SourceQuality "1"]
[WhiteTeam "Zeitnot Hungen-Lich"]
[BlackTeam "Leipzig Gohlis II"]
[WhiteTeamCountry "GER"]
[BlackTeamCountry "GER"]

1. Nf3 e6 2. g3 Nf6 3. Bg2 c5 4. c4 d6 5. 0-0 Be7 6. Nc3 0-0 7. d4 cxd4 8. Nxd4 a6 9. b3 Qc7 10. Bb2 Nc6 11. Rc1 Rd8 12. Nd5 exd5 13. cxd5 Nxd5 14. Bxd5 Bd7 15. Qd3 Rac8 16. Nf5 Bxf5 17. Qxf5 Bf6 18. Bxf6 gxf6 19. Rc4 1-0

[Event "Oberliga Ost-B 0001"]
[Site "Germany"]
[Date "2001.03.11"]
[Round "8.7"]
[White "Suess, Annegret"]
[Black "Bennedik, Martin"]
[Result "1-0"]
[WhiteElo "2121"]
[BlackElo "2045"]
[PlyCount "65"]
[EventDate "2000.10.15"]
[EventType "team"]
[EventRounds "11"]
[EventCountry "GER"]
[SourceTitle "EXT 2002"]
[Source "ChessBase"]
[SourceDate "2001.11.25"]
[SourceVersion "1"]
[SourceVersionDate "2001.11.25"]
[SourceQuality "1"]
[WhiteTeam "Leipzig Gohlis II"]
[BlackTeam "Steinbach"]
[WhiteTeamCountry "GER"]
[BlackTeamCountry "GER"]

1. d4 Nf6 2. c4 g6 3. Nc3 Bg7 4. e4 d6 5. Be2 0-0 6. Bg5 Na6 7. Qd2 e5 8. d5 c6 9. f3 cxd5 10. cxd5 Bd7 11. Bd1 b5 12. a3 b4 13. axb4 Nxb4 14. Nge2 Qb6 15. Be3 Qb7 16. 0-0 Ne8 17. Ba4 f5 18. Bxd7 Qxd7 19. Ra4 a5 20. Rfa1 Qd8 21. Nc1 fxe4 22. Nxe4 Nf6 23. Nxf6+ Bxf6 24. Nb3 Rc8 25. Nxa5 Nc2 26. Nc6 Rxc6 27. dxc6 Nxa1 28. Qd5+ Kh8 29. Rxa1 e4 30. fxe4 Bxb2 31. Bd4+ Bxd4+ 32. Qxd4+ Kg8 33. Ra7 1-0

[Event "Oberliga Ost-B 0001"]
[Site "Germany"]
[Date "2001.02.17"]
[Round "6.5"]
[White "Suess, Annegret"]
[Black "Wohlfart, Paulus"]
[Result "1/2-1/2"]
[WhiteElo "2121"]
[BlackElo "2207"]
[PlyCount "98"]
[EventDate "2000.10.15"]
[EventType "team"]
[EventRounds "11"]
[EventCountry "GER"]
[SourceTitle "EXT 2002"]
[Source "ChessBase"]
[SourceDate "2001.11.25"]
[SourceVersion "1"]
[SourceVersionDate "2001.11.25"]
[SourceQuality "1"]
[WhiteTeam "Leipzig Gohlis II"]
[BlackTeam "Moerlenbach"]
[WhiteTeamCountry "GER"]
[BlackTeamCountry "GER"]

1. d4 f5 2. c4 Nf6 3. Nc3 g6 4. f3 Bg7 5. e4 d6 6. Bd3 fxe4 7. Nxe4 Nxe4 8. Bxe4 0-0 9. Ne2 e5 10. 0-0 Nc6 11. Be3 Bf5 12. d5 Bxe4 13. fxe4 Rxf1+ 14. Qxf1 Nb4 15. Qd1 Qh4 16. Ng3 a5 17. Qb3 b6 18. Rf1 Bh6 19. a3 Na6 20. Bxh6 Qxh6 21. Qf3 Rf8 22. Qxf8+ Qxf8 23. Rxf8+ Kxf8 24. Kf2 Nc5 25. Ke3 Na4 26. b3 Nc5 27. b4 axb4 28. axb4 Na6 29. b5 Nc5 30. Ne2 Na4 31. Kd2 Kg7 32. Ng3 Kf6 33. Nf1 Kg5 34. Ke3 Nb2 35. Nd2 Kg4 36. Kf2 Nd3+ 37. Ke3 Ne1 38. Kf2 Nd3+ 39. Ke3 Nc5 40. Kf2 Kf4 41. g3+ Kg4 42. Kg2 h5 43. h3+ Kg5 44. Nf3+ Kh6 45. Nd2 Kg5 46. Nf3+ Kh6 47. Nd2 Nd3 48. Nf3 Nb2 49. Nd2 Nd3 1/2-1/2

[Event "BL 0001 (Women)"]
[Site "Germany"]
[Date "2001.??.??"]
[Round "8.1"]
[White "Suess, Annegret"]
[Black "Michna, Marta"]
[Result "0-1"]
[WhiteElo "2121"]
[BlackElo "2376"]
[PlyCount "78"]
[EventDate "2000.10.??"]
[EventType "team-tourn"]
[EventRounds "11"]
[EventCountry "GER"]
[SourceTitle "CBM 082 Extra"]
[Source "ChessBase"]
[SourceDate "2001.07.03"]
[SourceVersion "1"]
[SourceVersionDate "2001.07.03"]
[SourceQuality "1"]
[WhiteTeam "Leipzig Gohlis (W)"]
[BlackTeam "Hamburger SK (W)"]
[WhiteTeamCountry "GER"]
[BlackTeamCountry "GER"]

1. d4 g6 2. c4 c5 3. d5 Bg7 4. Nc3 d6 5. e4 e6 6. Nf3 exd5 7. exd5 Bg4 8. Be2 Ne7 9. 0-0 0-0 10. Bf4 Nf5 11. Ng5 Bxe2 12. Qxe2 h6 13. Nge4 g5 14. Qg4 Ne7 15. Bxd6 f5 16. Qh3 fxe4 17. Nxe4 Rf7 18. Qe6 Nf5 19. Bxc5 Nd7 20. Nd6 Nxd6 21. Bxd6 Qb6 22. Ba3 Nf6 23. d6 Re8 24. Qh3 Ne4 25. c5 Nxc5 26. Rac1 Nd7 27. Rc7 g4 28. Qxg4 Ne5 29. Qa4 Ref8 30. Bc5 Qxb2 31. Bd4 Qxd4 32. Qxd4 Nf3+ 33. gxf3 Bxd4 34. Rd1 Rxc7 35. dxc7 Bb6 36. Rd6 Bxc7 37. Rxh6 Rxf3 38. Re6 Kf7 39. Re2 Rh3 0-1

[Event "BL 0001 (Women)"]
[Site "Germany"]
[Date "2001.??.??"]
[Round "7.1"]
[White "Suess, Annegret"]
[Black "Vasilevich, Tatjana"]
[Result "0-1"]
[WhiteElo "2121"]
[BlackElo "2429"]
[PlyCount "80"]
[EventDate "2000.10.??"]
[EventType "team-tourn"]
[EventRounds "11"]
[EventCountry "GER"]
[SourceTitle "CBM 082 Extra"]
[Source "ChessBase"]
[SourceDate "2001.07.03"]
[SourceVersion "1"]
[SourceVersionDate "2001.07.03"]
[SourceQuality "1"]
[WhiteTeam "Leipzig Gohlis (W)"]
[BlackTeam "Rodewisch (W)"]
[WhiteTeamCountry "GER"]
[BlackTeamCountry "GER"]

1. d4 e6 2. c4 c5 3. d5 exd5 4. cxd5 g6 5. Nc3 d6 6. e4 Bg7 7. Nf3 Ne7 8. Be2 0-0 9. 0-0 a6 10. a4 Nd7 11. Bf4 Nf6 12. Nd2 h6 13. Nc4 Ne8 14. a5 f5 15. e5 dxe5 16. Be3 Nd6 17. Bxc5 Nxc4 18. Bxc4 Kh7 19. d6 Nc6 20. d7 Bxd7 21. Bxf8 Bxf8 22. Qd5 Bg7 23. Rfd1 Nd4 24. Ne2 Bc6 25. Qxd8 Rxd8 26. Kf1 Rc8 27. Rac1 Rd8 28. Nc3 h5 29. Ne2 Bf6 30. Ra1 Kg7 31. Nc3 h4 32. h3 g5 33. f3 Nc2 34. Ke2 Nxa1 35. Rxa1 e4 36. Rb1 exf3+ 37. gxf3 Re8+ 38. Kf2 Bd4+ 39. Kg2 Bxc3 40. bxc3 Re3 0-1

[Event "Oberliga Ost-B 0001"]
[Site "Germany"]
[Date "2000.11.11"]
[Round "2.6"]
[White "Suess, Annegret"]
[Black "Sunder, Thomas"]
[Result "1-0"]
[WhiteElo "2121"]
[BlackElo "2178"]
[PlyCount "61"]
[EventDate "2000.10.15"]
[EventType "team"]
[EventRounds "11"]
[EventCountry "GER"]
[SourceTitle "EXT 2002"]
[Source "ChessBase"]
[SourceDate "2001.11.25"]
[SourceVersion "1"]
[SourceVersionDate "2001.11.25"]
[SourceQuality "1"]
[WhiteTeam "Leipzig Gohlis II"]
[BlackTeam "Giessen"]
[WhiteTeamCountry "GER"]
[BlackTeamCountry "GER"]

1. d4 Nf6 2. c4 c5 3. d5 e5 4. Nc3 d6 5. e4 Be7 6. Bd3 0-0 7. Nge2 Ne8 8. 0-0 Bg5 9. a3 Nd7 10. Rb1 Bxc1 11. Qxc1 b6 12. f3 Bb7 13. b4 cxb4 14. axb4 a5 15. bxa5 Nc5 16. Qc2 Rxa5 17. Rb2 Nf6 18. Rfb1 Nfd7 19. Nc1 Ba6 20. Bf1 g6 21. Nb3 Nxb3 22. Qxb3 Qc7 23. Qb4 Rc8 24. Na4 Rb8 25. Nxb6 Rc5 26. Qa4 Rxb6 27. Rxb6 Nxb6 28. Qxa6 Nd7 29. Rb7 Qc8 30. Ra7 Nb8 31. Qxd6 1-0

[Event "BL 9900 (Women)"]
[Site "Germany"]
[Date "2000.04.01"]
[Round "10.3"]
[White "Suess, Annegret"]
[Black "Krupkova, Petra"]
[Result "0-1"]
[WhiteElo "2124"]
[BlackElo "2334"]
[PlyCount "98"]
[EventDate "1999.10.16"]
[EventType "team-tourn"]
[EventRounds "11"]
[EventCountry "GER"]
[SourceTitle "CBM 075 Extra"]
[Source "ChessBase"]
[SourceDate "2000.05.11"]
[SourceVersion "2"]
[SourceVersionDate "2000.05.11"]
[SourceQuality "1"]
[WhiteTeam "Leipzig Gohlis"]
[BlackTeam "Dresden SC (W)"]
[WhiteTeamCountry "GER"]
[BlackTeamCountry "GER"]

1. d4 Nf6 2. c4 g6 3. Nc3 d5 4. cxd5 Nxd5 5. Na4 Bg7 6. e4 Nb6 7. Be3 0-0 8. Nf3 Nxa4 9. Qxa4 c5 10. Rd1 Qc7 11. Be2 Nc6 12. 0-0 Bg4 13. Qc2 cxd4 14. Bxd4 e5 15. Be3 Rac8 16. Qa4 a6 17. Rc1 Rfd8 18. h3 Bd7 19. Qb3 Be6 20. Qa4 h6 21. b4 Bd7 22. Qb3 b5 23. Rc2 Qb7 24. Qb2 Nd4 25. Nxd4 exd4 26. Rxc8 Bxc8 27. Qd2 Qxe4 28. Bf3 Qh4 29. Bf4 Bf5 30. Bb7 Qf6 31. Bxh6 Bxh6 32. Qxh6 d3 33. Qd2 Qb6 34. Bf3 Qd4 35. Rd1 Kg7 36. a3 Be6 37. Rc1 Bc4 38. Re1 Bb3 39. Bd1 Bd5 40. Re3 Bc4 41. Re1 Qa1 42. a4 bxa4 43. Bb3 Qxe1+ 44. Qxe1 Bxb3 45. Qd2 Kh7 46. h4 a3 47. h5 a2 48. hxg6+ fxg6 49. Qc3 a1Q+ 0-1

[Event "BL 0001 (Women)"]
[Site "Germany"]
[Date "2000.??.??"]
[Round "3.1"]
[White "Lomineishvili, Maia"]
[Black "Suess, Annegret"]
[Result "1-0"]
[WhiteElo "2376"]
[BlackElo "2121"]
[PlyCount "31"]
[EventDate "2000.10.??"]
[EventType "team-tourn"]
[EventRounds "11"]
[EventCountry "GER"]
[SourceTitle "CBM 082 Extra"]
[Source "ChessBase"]
[SourceDate "2001.07.03"]
[SourceVersion "1"]
[SourceVersionDate "2001.07.03"]
[SourceQuality "1"]
[WhiteTeam "Karlsruhe (W)"]
[BlackTeam "Leipzig Gohlis (W)"]
[WhiteTeamCountry "GER"]
[BlackTeamCountry "GER"]

1. d4 e6 2. c4 Nf6 3. Nc3 Bb4 4. Qc2 0-0 5. e4 c5 6. a3 Qa5 7. e5 cxd4 8. axb4 Qxa1 9. exf6 dxc3 10. fxg7 Re8 11. bxc3 b6 12. Bd3 Nc6 13. Nf3 Bb7 14. 0-0 Nxb4 15. Bxh7+ Kxg7 16. cxb4 1-0

[Event "BL 9900 (Women)"]
[Site "Germany"]
[Date "1999.10.17"]
[Round "2.3"]
[White "Hegeler, Anja"]
[Black "Suess, Annegret"]
[Result "1-0"]
[WhiteElo "2060"]
[BlackElo "2124"]
[PlyCount "135"]
[EventDate "1999.10.16"]
[EventType "team-tourn"]
[EventRounds "11"]
[EventCountry "GER"]
[SourceTitle "EXT 2000"]
[Source "ChessBase"]
[SourceDate "1999.11.16"]
[SourceVersion "1"]
[SourceVersionDate "1999.11.16"]
[SourceQuality "1"]
[WhiteTeam "Hamburger SK"]
[BlackTeam "Leipzig Gohlis"]
[WhiteTeamCountry "GER"]
[BlackTeamCountry "GER"]

1. e4 e6 2. d4 d5 3. Nc3 Nf6 4. e5 Nfd7 5. f4 c5 6. Nf3 Nc6 7. Be3 cxd4 8. Nxd4 Bc5 9. Qd2 a6 10. Be2 Qc7 11. 0-0 b5 12. Bf3 Qb6 13. Nce2 0-0 14. c3 a5 15. Kh1 Ba6 16. b4 axb4 17. cxb4 Bxb4 18. Qb2 Bc5 19. Rfc1 Na5 20. Bg1 Nc4 21. Qc3 b4 22. Qe1 Ra7 23. Qg3 f5 24. exf6 Rxf6 25. f5 Nde5 26. Nxe6 Bxg1 27. Nxg1 Nxf3 28. Qxf3 Bb7 29. Qg4 Bc6 30. Nd4 Ne5 31. Qd1 Bd7 32. Nge2 Ng4 33. Qe1 Rxf5 34. Qg3 Nf2+ 35. Kg1 Ne4 36. Qb3 Ra3 37. Qc2 Rc3 38. Qb2 Rf2 39. Rxc3 Qg6 40. Rg3 Qb6 41. Rd1 Bb5 42. Qxb4 Rxe2 43. Qxb5 Qxb5 44. Nxb5 Nxg3 45. hxg3 Rxa2 46. Rxd5 Kf7 47. Rf5+ Ke7 48. Kh2 g6 49. Rc5 Kf6 50. Rc7 h6 51. Rc6+ Kg7 52. Nd4 Kf7 53. Nf3 Ra5 54. g4 Kg7 55. Kg3 Kf7 56. Rd6 Kg7 57. Kf4 Ra4+ 58. Nd4 Kf7 59. Ke5 Ra5+ 60. Rd5 Ra2 61. Rd7+ Ke8 62. Rg7 Rxg2 63. Rxg6 Rh2 64. Kf6 h5 65. g5 h4 66. Rh6 h3 67. Nf5 Rh1 68. g6 1-0

[Event "EU-Cup (Women) 04th"]
[Site "Nova Gorica"]
[Date "1999.07.04"]
[Round "6.1"]
[White "Suess, Annegret"]
[Black "Mira, Helene"]
[Result "0-1"]
[WhiteElo "2138"]
[BlackElo "2177"]
[PlyCount "148"]
[EventDate "1999.06.28"]
[EventType "team-swiss"]
[EventRounds "7"]
[EventCountry "SLO"]
[SourceTitle "EXT 2013"]
[Source "ChessBase"]
[SourceDate "2012.11.22"]
[SourceVersion "1"]
[SourceVersionDate "2012.11.22"]
[SourceQuality "1"]
[WhiteTeam "Leipzig Gohlis (W)"]
[BlackTeam "Carinthia (W)"]
[WhiteTeamCountry "GER"]
[BlackTeamCountry "AUT"]

1. d4 g6 2. c4 Bg7 3. Nc3 c6 4. e4 d6 5. h3 a6 6. a4 a5 7. Be2 Na6 8. Nf3 Nb4 9. 0-0 e5 10. Be3 Qe7 11. Qd2 Nf6 12. dxe5 dxe5 13. Rfd1 Nd7 14. Qd6 Qxd6 15. Rxd6 Nc2 16. Rad1 Nxe3 17. fxe3 Bf8 18. R6d2 Be7 19. Bd3 f6 20. Na2 Nc5 21. Bc2 Be6 22. b3 0-0 23. Kf2 Rfb8 24. Nc3 Na6 25. Ng1 h5 26. Nge2 Rd8 27. Kf3 Rxd2 28. Rxd2 Bb4 29. Rd1 Kf7 30. Na2 Bf8 31. Nec3 Kg7 32. Nc1 Nb4 33. Bd3 Rd8 34. Ke2 Kf7 35. Kf2 Bc5 36. Be2 Ke7 37. Kf3 Rf8 38. Bd3 Rd8 39. Ke2 Kf7 40. Kf3 Rd7 41. Be2 Ke7 42. Bd3 h4 43. Be2 Rc7 44. Bd3 Rc8 45. Be2 Ba7 46. Bd3 Rh8 47. Rh1 Kd6 48. Be2 Kc5 49. Kf2 Kd6 50. Kf3 Ke7 51. Bd3 Rh5 52. Be2 Rg5 53. g4 hxg3 54. Kg2 Nc2 55. Nd1 Bxe3 56. h4 Bxc1 57. hxg5 Bxg5 58. Kxg3 Nd4 59. Bf3 Nxb3 60. Nb2 Nc5 61. Rd1 f5 62. Nd3 f4+ 63. Kg2 Nxd3 64. Rxd3 Bxc4 65. Rd1 b5 66. axb5 cxb5 67. Bg4 Bh4 68. Rd7+ Kf6 69. Rd6+ Kg5 70. Bf3 Be1 71. Rd1 Bc3 72. Kf2 Bd4+ 73. Ke1 a4 74. Be2 a3 0-1

[Event "BL 9899 (Women)"]
[Site "Germany"]
[Date "1998.10.24"]
[Round "1.3"]
[White "Suess, Annegret"]
[Black "Jackova, Jana"]
[Result "0-1"]
[WhiteElo "2140"]
[BlackElo "2205"]
[PlyCount "74"]
[EventDate "1998.10.24"]
[EventType "team-tourn"]
[EventRounds "11"]
[EventCountry "GER"]
[SourceTitle "GER-chT"]
[Source "ChessBase"]
[SourceDate "1999.07.01"]
[SourceVersion "1"]
[SourceVersionDate "1999.07.01"]
[SourceQuality "1"]
[WhiteTeam "Leipzig Gohlis"]
[BlackTeam "Dresden (W)"]
[WhiteTeamCountry "GER"]
[BlackTeamCountry "GER"]

1. d4 d5 2. c4 dxc4 3. Nf3 Nf6 4. Nc3 a6 5. a4 e6 6. Bg5 h6 7. Bh4 Nc6 8. e3 Na5 9. Ne5 b6 10. Nxc4 Nxc4 11. Bxc4 Bb7 12. 0-0 Be7 13. Qe2 c5 14. Rfd1 Qc7 15. dxc5 bxc5 16. Rd2 0-0 17. Rad1 Rfd8 18. Rxd8+ Bxd8 19. f3 Be7 20. Bf2 Bd6 21. g3 h5 22. e4 Be5 23. Qe3 Bd4 24. Qg5 Rc8 25. Be2 e5 26. Bc4 Rd8 27. Kg2 Rd7 28. Rd3 Qb6 29. Qd2 Qb4 30. b3 h4 31. Na2 Qb6 32. Qe2 Nh5 33. Nc1 Qg6 34. Kh1 hxg3 35. hxg3 Qh6 36. Qe1 Bxf2 37. Qxf2 Qxc1+ 0-1

[Event "BL 9798 (Women)"]
[Site "Germany"]
[Date "1998.??.??"]
[Round "?.2"]
[White "Juergens, Vera"]
[Black "Suess, Annegret"]
[Result "1/2-1/2"]
[WhiteElo "2320"]
[BlackElo "2100"]
[PlyCount "78"]
[EventDate "1997.10.??"]
[EventType "team-tourn"]
[EventRounds "11"]
[EventCountry "GER"]
[SourceTitle "EXT 1999"]
[Source "ChessBase"]
[SourceDate "1998.11.16"]
[SourceVersion "1"]
[SourceVersionDate "1998.11.16"]
[SourceQuality "1"]
[WhiteTeam "Hamburger SK (W)"]
[BlackTeam "Leipzig Gohlis"]
[WhiteTeamCountry "GER"]
[BlackTeamCountry "GER"]

1. d4 e6 2. c4 Nf6 3. Nf3 b6 4. g3 Bb7 5. Bg2 c5 6. 0-0 cxd4 7. Nxd4 Bxg2 8. Kxg2 a6 9. Nc3 Qc7 10. Qa4 Be7 11. f3 0-0 12. Bf4 Qb7 13. e4 d6 14. Be3 Rc8 15. Rac1 Nbd7 16. Nb3 Ne5 17. Nd2 Nd3 18. Rb1 b5 19. Qb3 Nd7 20. cxb5 axb5 21. a3 Rab8 22. Nd5 N7c5 23. Nxe7+ Qxe7 24. Qc3 Ne5 25. Rbc1 Qb7 26. Bxc5 Rxc5 27. Qd4 Qc7 28. Rxc5 dxc5 29. Qc3 Rd8 30. Nb3 c4 31. Nc1 Nd3 32. Nxd3 Rxd3 33. Qc2 Qd7 34. Rf2 h6 35. a4 bxa4 36. Qxc4 Rd2 37. Qc3 Rd3 38. Qc4 Rd2 39. Qc3 Rd3 1/2-1/2

[Event "BL 9798 (Women)"]
[Site "Germany"]
[Date "1998.??.??"]
[Round "?.2"]
[White "Suess, Annegret"]
[Black "Lalic, Susan"]
[Result "1-0"]
[WhiteElo "2100"]
[BlackElo "2375"]
[PlyCount "161"]
[EventDate "1997.10.??"]
[EventType "team-tourn"]
[EventRounds "11"]
[EventCountry "GER"]
[SourceTitle "EXT 1999"]
[Source "ChessBase"]
[SourceDate "1998.11.16"]
[SourceVersion "1"]
[SourceVersionDate "1998.11.16"]
[SourceQuality "1"]
[WhiteTeam "Leipzig Gohlis"]
[BlackTeam "Holsterhausen"]
[WhiteTeamCountry "GER"]
[BlackTeamCountry "GER"]

1. d4 e6 2. c4 Bb4+ 3. Nc3 f5 4. e3 Nf6 5. Bd3 b6 6. Qc2 Bb7 7. f3 0-0 8. Bd2 c5 9. Nge2 cxd4 10. exd4 Nc6 11. a3 Be7 12. 0-0 d5 13. cxd5 Nxd5 14. Nxd5 Qxd5 15. Bc4 Qd7 16. Bc3 Na5 17. Bxa5 bxa5 18. Qd2 Bf6 19. Rfd1 Bd5 20. Rac1 Rac8 21. Ba6 Rb8 22. Rc5 Bd8 23. Kh1 Bb6 24. Rc3 a4 25. Qd3 Qd6 26. Rdc1 Bd8 27. Rc8 Rxb2 28. Bc4 Be7 29. Bxd5 Qxd5 30. Nf4 Qd7 31. Rxf8+ Bxf8 32. Qc4 Rb8 33. Nxe6 Qf7 34. d5 h6 35. g3 Bxa3 36. Rd1 Qd7 37. Nc5 Bxc5 38. Qxc5 Rc8 39. Qd4 a3 40. d6 a2 41. Qd5+ Kh7 42. Qxa2 Rc5 43. Qd2 a5 44. Qd3 a4 45. Re1 Rc6 46. Rd1 Rc5 47. Re1 Rc6 48. Rd1 Kg8 49. Qb5 f4 50. g4 h5 51. Qxh5 Rc8 52. Qd5+ Kf8 53. Qe5 a3 54. Qxf4+ Kg8 55. Qe4 Qf7 56. d7 Rd8 57. Qd5 a2 58. Qxf7+ Kxf7 59. Ra1 Rxd7 60. Rxa2 Kf6 61. Kg2 Ke5 62. Kg3 g5 63. Ra5+ Kf6 64. h4 gxh4+ 65. Kxh4 Kg6 66. Kg3 Rb7 67. f4 Rb1 68. Ra6+ Kg7 69. Kh4 Rb7 70. Kg5 Rc7 71. f5 Rb7 72. Re6 Kf7 73. Rh6 Kg7 74. f6+ Kg8 75. Kg6 Rg7+ 76. Kf5 Rb7 77. Rh3 Ra7 78. Re3 Ra4 79. g5 Ra8 80. Kg6 Kf8 81. Rh3 1-0